Statistiques concernant Tous les Pokémon de type Plante

Cliquez ici pour prendre le quiz!

Statistiques générales

  • Ce quiz a été pris 46 fois
  • Le résultat moyen est 80 sur 111

Statistiques - réponses

Deuxième type du PokémonMéga-Évolution / Formes d'Alola et de GalarNom du Pokémon% Correct
Arcko
93%
Boskara
93%
PoisonBulbizarre
93%
PoisonFlorizarre
93%
Germignon
93%
PoisonHerbizarre
93%
Massko
93%
Meganium
93%
Tortipouss
93%
Jungko
89%
Macronium
89%
Phyllali
89%
SolTorterra
89%
Ceribou
86%
Ceriflor
86%
EauLombre
86%
EauLudicolo
86%
Majaspic
86%
Vipélierre
86%
Bouldeneu
82%
PoisonBoustiflor
82%
PoisonChétiflor
82%
AcierGrindur
82%
Joliflor
82%
InsecteManternel
82%
PoisonMystherbe
82%
EauNénupiot
82%
AcierNoacier
82%
PsyNoadkoko
82%
PoisonOrtide
82%
TénèbresPifeuil
82%
PoisonRafflesia
82%
PoisonRoselia
82%
PoisonRoserade
82%
Saquedeneu
82%
TénèbresTengalice
82%
PoisonEmpiflor
79%
PoisonOUI (Méga-Évolution)Méga-Florizarre
79%
PsyNoeunoeuf
79%
Rozbouton
79%
Shaymin
79%
Balignon
75%
VolCotovol
75%
VolFloravol
75%
Fragilady
75%
VolGranivol
75%
Héliatronc
75%
InsecteLarveyette
75%
Maracachi
75%
InsecteParas
75%
InsecteParasect
75%
Tournegrin
75%
Boguérisse
71%
VolBrindibou
71%
Cacnea
71%
PsyCelebi
71%
CombatChapignon
71%
Chlorobule
71%
InsecteCouverdure
71%
Feuiloutan
71%
RocheLilia
71%
Marisson
71%
Ouistempo
71%
CombatViridium
71%
SpectreArchéduc
68%
Badabouin
68%
GlaceBlizzaroi
68%
GlaceBlizzi
68%
TénèbresCacturne
68%
FéeDoudouvet
68%
VolEfflèche
68%
FéeFarfaduvet
68%
Feuillajou
68%
Gorythmic
68%
NormalHaydaim
68%
DragonOUI (Méga-Évolution)Méga-Jungko
68%
VolTropius
68%
NormalVivaldaim
68%
Vortente
68%
CombatBlindépique
64%
SpectreBrocélôme
64%
InsecteCheniselle
64%
SpectreDesséliande
64%
Granipiot
64%
RocheVacilys
64%
SpectreBanshitrouye
61%
Candine
61%
Croquine
61%
DragonOUI (Forme d'Alola)Noadkoko d'Alola
61%
SpectrePitrouille
61%
DragonPomdrapi
61%
Sucreine
61%
Chevroum
57%
DragonDratatin
57%
Floramantis
57%
PoisonGaulet
57%
AcierKatagami
57%
GlaceOUI (Méga-Évolution)Méga-Blizzaroi
57%
SpectreSinistrail
57%
PoisonTrompignon
57%
DragonVerpom
57%
Cabriolaine
54%
FéeLampignon
54%
Mimantis
54%
FéeSpododo
54%
Blancoton
50%
Tournicoton
50%
TénèbresZarude
50%
FéeTokotoro
46%
PsySylveroy
43%
Lianja
29%

Distribution des résultats

Percentile par nombre de réponses

% des personnes avec chaque résultat

Votre développement - résultats

Vous n’avez pas pris ce quiz